Cartas a la madre

Saved in:
书目详细资料
主要作者: Baudelaire, Charles Pierre (Author)
格式: 图书
语言:西班牙语
出版: Buenos Aires Schapire 1947
主题:
标签: 添加标签
没有标签, 成为第一个标记此记录!

MARC

LEADER 00000cam a2200000 a 4500
001 UCQ0766
003 CL-VaPUC
008 980703e19470000AG |||||||||||||||||spa|d
082 0 4 |a 846  |b BAU  |2 21 
100 0 |a Baudelaire, Charles Pierre  |e author  |9 265454 
245 1 0 |a Cartas a la madre 
300 |a 260 p 
942 |c BK 
945 |d 19980703 00:00:00  |a lriquelm 
260 |a Buenos Aires  |b Schapire  |c 1947 
650 0 |a Literatura francesa  |9 266330 
650 0 |a Correspondencia  |9 258963 
583 |a last modification  |c 20141015 05:40:58  |k Rodrigo Vera 
999 |c 271799  |d 271797 
952 |0 0  |1 0  |4 0  |6 846_000000000000000_BAU_1947  |7 0  |8 A  |9 306565  |a BIBEDU  |b BIBEDU  |d 2019-11-20  |i 1431005  |o 846 BAU 1947  |p 1431005  |r 2019-11-20  |w 2019-11-20  |y BK  |k LIT 
952 |0 0  |1 0  |3 erb  |4 0  |6 846_000000000000000_BAU_1947  |7 0  |8 A  |9 306566  |a BIBEDU  |b BIBEDU  |i 505110K  |o 846 BAU 1947  |p 505110K  |r 2019-11-20  |w 2019-11-20  |y BK  |z Catalogado en:20150416  |k LIT